Informe semestral, enero a junio 1972

সংরক্ষণ করুন:
গ্রন্থ-পঞ্জীর বিবরন
সংস্থা লেখক: Costa Rica. Ministerio de Obras Públicas y Transportes. Instituto Geográfico Nacional
বিন্যাস: অজ্ঞাত
প্রকাশিত: San José: MOPT. IGN
ট্যাগগুলো: ট্যাগ যুক্ত করুন
কোনো ট্যাগ নেই, প্রথমজন হিসাবে ট্যাগ করুন!

MARC

LEADER 00000 a2200000 04500
001 15535
003
008 991231s d
040
090 |a 016504  
110 |a Costa Rica. Ministerio de Obras Públicas y Transportes. Instituto Geográfico Nacional  
245 |a Informe semestral, enero a junio 1972  
260 |a San José:   |b MOPT. IGN  
300 |a 104 p.  
999 |c 1103  |d 1103